|
|
|
|
| LEADER |
00000nam a2200000Ia 4500 |
| 008 |
180417b1984 cr ||||| |||| 00| | spa d |
| 999 |
|
|
|c 1710
|d 1710
|
| 090 |
|
|
|a 06.03.04
|b 360
|
| 100 |
1 |
|
|a Vargas Pinaud, María Eugenia
|9 3548
|
| 245 |
1 |
0 |
|a Comprensión de lectura por niveles de escolaridad de los estudiantes costarricenses
|
| 260 |
|
|
|a San José, Costa Rica. :
|b Ministerio de Educación Pública,
|c 1984
|
| 300 |
|
|
|a 96 páginas
|
| 650 |
1 |
4 |
|a LECTURA
|9 365
|
| 650 |
1 |
4 |
|a ESTUDIANTES
|9 332
|
| 650 |
1 |
4 |
|a EDUCACIÓN SECUNDARIA
|9 456
|
| 650 |
1 |
4 |
|a APRENDIZAJE
|9 387
|
| 942 |
|
|
|i 00480
|h 06.03.04 360
|2 z
|c 01
|